| 000 | 00355cam a22001097a 4500 | ||
|---|---|---|---|
| 008 | 180718b1990 xxu||||| |||| 00| 0 eng d | ||
| 082 | _aT000x54 1990-95/A | ||
| 245 |
_aApproach to the eighth five year plan 1990-95 _cby National Development Council |
||
| 260 |
_a _bGovernment of India _c1990 |
||
| 300 | _a74p. | ||
| 700 | _aIndia. National Development Council | ||
| 999 |
_c496709 _d496709 |
||